Эргономическое обеспечение проектирования систем и художественное конструирование в машиностроении

Bibliographische Detailangaben
1. Verfasser: Артемчук Д. В. Дмитрий Всеволодович
Weitere Verfasser: Фесенко В. Ф. Виталий Федорович, Халаев Ю. Н. Юрий Николаевич
Sprache:Russisch
Veröffentlicht: Киев, 1982
Schriftenreihe:Библиотечка "Дизайн на службе производства"
Schlagworte:
Format: MixedMaterials Buch
KOHA link:https://koha.lib.tpu.ru/cgi-bin/koha/opac-detail.pl?biblionumber=311631

MARC

LEADER 00000nam0a2200000 4500
001 311631
005 20231102002414.0
020 |a RU  |b 82-31802 
035 |a (RuTPU)RU\TPU\book\336996 
090 |a 311631 
100 |a 20151210d1982 k y0rusy5003 ca 
101 0 |a rus 
102 |a UA 
105 |a y z 001zy 
200 1 |a Эргономическое обеспечение проектирования систем и художественное конструирование в машиностроении  |f Д. В. Артемчук, В. Ф. Фесенко, Ю. Н. Халаев 
210 |a Киев  |d 1982 
215 |a 26 с. 
225 1 |a Библиотечка "Дизайн на службе производства" 
320 |a Библиогр.: с. 25-26 
606 1 |a Судовые машины  |x Художественное конструирование  |2 stltpush  |3 (RuTPU)RU\TPU\subj\58157  |9 75978 
610 1 |a эргономическое обеспечение 
610 1 |a проектирование 
675 |a 629.12.001  |z rus  |v 4 
700 1 |a Артемчук  |b Д. В.  |g Дмитрий Всеволодович  |4 070 
701 1 |a Фесенко  |b В. Ф.  |g Виталий Федорович 
701 1 |a Халаев  |b Ю. Н.  |g Юрий Николаевич 
801 0 |a RU  |b RuMRKP  |c 19950704  |g psbo 
801 1 |a RU  |b 63413507  |c 20151210 
801 2 |a RU  |b 63413507  |c 20171020  |g RCR 
942 |c BK